000 01831cam a2200445 i 4500
001 data
005 20260322212122.0
008 data
035 _a21299068
906 _a7
_bcbc
_ccopycat
_d2
_encip
_f20
_gy-gencatlg
925 0 _aacquire
_b1 shelf copy
_xpolicy default
010 _a 2019954964
020 _a9781532167874
020 _a1532167873
035 _a(OCoLC)1144808356
040 _aYDX
_beng
_cYDX
_erda
_dDLC
_dOCLCQ
_dXY4
_dOCLCO
_dOCLCF
_dJQM
_dDLC
042 _alccopycat
050 0 0 _aGV857.S57
_bM668 2021
082 0 4 _a796.9 M
_223
100 1 _aMorey, Allan.
245 1 0 _aSnowboarding /
_cAllan Morey.
260 _aMinneapolis, Minnesota :
_bDiscoverRoo, an imprint of Pop! ;
_c[2021]
300 _a32 pages :
_bcolor illustrations ;
_c23 cm.
336 _atext
_btxt
_2rdacontent
337 _aunmediated
_bn
_2rdamedia
338 _avolume
_bnc
_2rdacarrier
490 0 _aExtreme Sports
500 _a"4D Book!"
500 _aIncludes index.
505 0 _aAt the terrain park -- History -- Snowboarding today -- Snowboard safety -- Making connections.
520 _aThis high-powered series gives readers a glimpse into the thrilling world of extreme sports. This book introduces readers to the sport of snowboarding including its history, events, and styles. Also, meet the superstars of the sport! Features in clude infographics, connections questions, and QR codes that link to book-specific online resources.
650 0 _aSnowboarding.
650 0 _aSports.
650 0 _aExtreme sports.
650 7 _aExtreme sports.
_2fast
_0(OCoLC)fst00919066
650 7 _aSnowboarding.
_2fast
_0(OCoLC)fst01121993
650 7 _aSports.
_2fast
_0(OCoLC)fst01130432
999 _c1878
_d1878